000 00464nab a2200145Ia 4500
003 ES-SlBCS
005 20210601133827.0
008 140529s1988 xxu||||| |||| 00| 0 por d
041 _apor
100 1 _aCosta, Lamartine P.
_9210243
245 0 0 _aIvan Lins Revisitado: Culturalista, Filósofo ou Ideólogo
_c Lamartine P. Costa
600 1 4 _aLins, Ivan
_9210244
773 0 _tPresença Filosofica
_gvol. 13, nº. 1-2-3-4, 1988, págs. 185-194
_wRev966
942 _cAR
999 _c602741
_d602741